| 000 | 004190000a22001450004500 | ||
|---|---|---|---|
| 003 | LK-CoMWRAF | ||
| 008 | 230817t ||||| |||| 00| 0 eng d | ||
| 040 |
_aLK-CoMWRAF _dLK-CoMWRAF _eLK-CoMWRAF |
||
| 041 | _aeng | ||
| 082 |
_a151.47 _bBUL |
||
| 245 |
_aBulugh Al-Maram _bAttainment of the Objective According to Evidence of the Ordinances |
||
| 260 |
_bDar-us-Salam _aSaudi Arabia _c1996 |
||
| 300 | _ap.588 | ||
| 942 | _cBK | ||
| 999 |
_c1049 _d1049 |
||